| 000 | 01505cam a2200397 i 4500 | ||
|---|---|---|---|
| 999 |
_c200447445 _d65657 |
||
| 003 | TR-AnTOB | ||
| 005 | 20220720092534.0 | ||
| 007 | ta | ||
| 008 | 040131s2003 ae 000 0 fre | ||
| 010 | _a 2004345734 | ||
| 035 | _a(DLC) 2004345734 | ||
| 040 |
_aDLC _beng _erda _cDLC _dTR-AnTOB |
||
| 041 | 0 |
_afre _aara _aeng |
|
| 043 | _af-ae--- | ||
| 050 | 0 | 0 |
_aHC815 _b.J35 2003 |
| 090 |
_aHC815 _b.J35 2003 |
||
| 110 | 2 |
_aJamʻīyah al-Waṭanīyah li-Tanmiyat Iqtiṣād al-Sūq (Algeria) _9137723 |
|
| 245 | 1 | 0 |
_aProgramme ADEM 1992 : _barabe-anglais-franc̨ais. |
| 246 | 3 | 0 | _aADEM 1992 |
| 246 | 1 | 4 | _aProgram of the Association for the Development of Market Economy |
| 246 | 1 | 4 | _aProgramme de l'Association Algérienne de Développement de l'Economie de Marché 1992 |
| 246 | 1 | 5 | _aBarnāmaj al-Jamʻīyah al-Waṭanīyah li-Tanmiyat Iqtiṣād al-Sūq 1992 |
| 264 | 1 |
_aOran : _bAssociation Algérienne de Développement de l'Economie de Marché, _c[2003] |
|
| 300 |
_a66, 66, 66 pages ; _c23 cm |
||
| 336 |
_atext _btxt _2rdacontent |
||
| 337 |
_aunmediated _bn _2rdamedia |
||
| 338 |
_avolume _bnc _2rdacarrier |
||
| 546 | _aFrench, Arabic, and English. | ||
| 610 | 2 | 0 |
_aJamʻīyah al-Waṭanīyah li-Tanmiyat Iqtiṣād al-Sūq (Algeria) _9137723 |
| 650 | 0 |
_aCapitalism _zAlgeria _922292 |
|
| 650 | 0 |
_aDemocracy _zAlgeria _9115094 |
|
| 650 | 0 |
_aEconomic development _xPolitical aspects _zAlgeria _9137724 |
|
| 942 |
_2lcc _cBK |
||